000 00642nam a22002177a 4500
003 UA-OsUOA
001 73772
007 ta
008 20110316b un ||||| |||| 00| 0 ukr d
100 _aПрес-служба Міністерства економічного розвитку
090 _a330)477)
_bП73
942 _cSA
040 _aUA-OsUOA
_bukr
_cUA-OsUOA
_dUA-OsUOA
245 _aОсновні тенденції соціально-економічного розвитку
300 _aС.5
955 _a0
041 _aukr
080 _a330)477)
773 0 _w73770
650 7 _a330 Економіка взагалі
_2UDC
999 _c360059
_d360059